Logo BPK

Biblioteka

Politechniki Koszalińskiej

Obrazowanie w języku : (Rekord nr 56340)

Szczegóły MARC
000 -ETYKIETA REKORDU
podpole kontrolne o stałej długości 00708nam a2200229 i 4500
001 - NUMER KONTROLNY REKORDU
pole kontrolne bg
020 ## - MIĘDZYNARODOWY ZNORMALIZOWANY NUMER KSIĄŻKI - ISBN
ISBN 9788374670739
040 ## - ŹRÓDŁO KATALOGOWANIA
Instytucja, która utworzyła rekord BPK
041 0# - KOD JĘZYKA
Kod języka tekstu pol
Kod języka streszczenia lub abstraktu eng
044 ## - KOD KRAJU WYDAWCY/PRODUCENTA
Kod kraju wydawcy/producenta POL
080 ## - UNIWERSALNA KLASYFIKACJA DZIESIĘTNA - UKD
UKD 811.161.1'36
920 ## - Międzynarodowy znormalizowany numer książki – ISBN
ISBN 978-83-7467-073-9
008 - POLE O STAŁEJ DŁUGOŚCI - DANE KONTROLNE
podpole kontrolne o stałej długości 090625s2008 pl f |001 0 pol c
100 1# - NAZWA OSOBOWA
Nazwa osobowa Rycielska, Beata.
245 10 - TYTUŁ/ODPOWIEDZIALNOŚĆ
Tytuł Obrazowanie w języku :
Ciąg dalszy tytułu Lancetnik bez głowy i celownik rosyjski /
Pozostałe elementy strefy tytułu i oznaczenia odpowiedzialności Beata Rycielska, Marzena Rycielska ; Akademia Pomorska w Słupsku.
260 ## - STREFA ADRESU WYDAWNICZEGO
Miejsce wydania Słupsk :
Nazwa wydawcy/dystrybutora Wydawnictwo Naukowe Akademii Pomorskiej,
Data publikacji, dystrybucji/powstania dokumentu 2008.
300 ## - STREFA OPISU FIZYCZNEGO
Objętość 98 s. ;
Rozmiary 21 cm.
504 ## - UWAGA DOTYCZĄCA BIBLIOGRAFII
Informacje o bibliografii Bibliogr. s. 91-96.
650 #9 - HASŁO PRZEDMIOTOWE W FORMIE NAZWY OGÓLNEJ LUB JEDNOSTKOWEJ
Nazwa ogólna lub geograficzna Język rosyjski
Określnik ogólny gramatyka
700 1# - HASŁO DODATKOWE - NAZWA OSOBOWA
Nazwa osobowa Rycielska, Marzena.
942 ## - DODATKOWE ELEMENTY (KOHA)
Typ dokumentu Książka
Egzemplarze
Wycofany Status egzemplarza Uszkodzony Dostępność Lokalizacja stała Lokalizacja bieżąca Miejsce przechowywania Sygnatura Kod kreskowy Dział Typ dokumentu
      Tylko na miejscu Biblioteka Politechniki Koszalińskiej Biblioteka Politechniki Koszalińskiej Czytelnia Wydziałowa ul. Kwiatkowskiego 6e 91034 02472072 811.161.1 Język rosyjski Książka
© 2023 Biblioteka Politechniki Koszalińskiej :: KOHA